Logo CIB grande

MEDIO AMBIENTE COMUNITARIO Y PROTOCOLO DE KIOTO: LA ARMONIZACIÓN DE LA IMPOSICIÓN ENERGETICA O UN MERCADO SOBRE EMISIONES DE GASES DE EFECTO INVERNADERO (Registro nro. 229920)

Detalles MARC
000 -LEADER
campo de control de longitud fija 00699nam a2200229Ia 4500
005 - FECHA Y HORA DE LA ÚLTIMA TRANSACCIÓN
campo de control 20250425162453.0
008 - DATOS DE LONGITUD FIJA--INFORMACIÓN GENERAL
campo de control de longitud fija 250425s9999 xx 000 0 und d
020 ## - NÚMERO INTERNACIONAL ESTÁNDAR DEL LIBRO
Número Internacional Estándar del Libro 9788497255974
041 ## - CÓDIGO DE IDIOMA
Código de lengua del texto/banda sonora o título independiente spa
082 ## - NÚMERO DE LA CLASIFICACIÓN DECIMAL DEWEY
Número de clasificación 333.7913
010 ## - NÚMERO DE CONTROL DE LA BIBLIOTECA DEL CONGRESO
Número de control de LC 76434
100 ## - ENTRADA PRINCIPAL--NOMBRE DE PERSONA
Nombre de persona LÓPEZ GORDO, JOSÉ FRANCISCO
245 #0 - MENCIÓN DEL TÍTULO
Título MEDIO AMBIENTE COMUNITARIO Y PROTOCOLO DE KIOTO: LA ARMONIZACIÓN DE LA IMPOSICIÓN ENERGETICA O UN MERCADO SOBRE EMISIONES DE GASES DE EFECTO INVERNADERO
250 ## - MENCION DE EDICION
Mención de edición 11A ED.
260 ## - PUBLICACIÓN, DISTRIBUCIÓN, ETC.
Lugar de publicación, distribución, etc. España
Nombre del editor, distribuidor, etc. WOLTERS KLUWER ESPAÑA S. A.
Fecha de publicación, distribución, etc. 2008
260 ## - PUBLICACIÓN, DISTRIBUCIÓN, ETC.
Lugar de publicación, distribución, etc. MADRID
Nombre del editor, distribuidor, etc. LA LEY
300 ## - DESCRIPCIÓN FÍSICA
Extensión 596
650 ## - PUNTO DE ACCESO ADICIONAL DE MATERIA--TÉRMINO DE MATERIA
Término de materia o nombre geográfico como elemento de entrada CAMBIO CLIMATICO
650 ## - PUNTO DE ACCESO ADICIONAL DE MATERIA--TÉRMINO DE MATERIA
Término de materia o nombre geográfico como elemento de entrada COMPETITIVIDAD
650 ## - PUNTO DE ACCESO ADICIONAL DE MATERIA--TÉRMINO DE MATERIA
Término de materia o nombre geográfico como elemento de entrada LEGISLACION
942 ## - ELEMENTOS DE ENTRADA SECUNDARIOS (KOHA)
Tipo de ítem Koha Libros
Existencias
Estatus retirado Estado de pérdida Fuente de la clasificación o esquema de estantería Estado de daño No para préstamo Biblioteca de origen Biblioteca actual Fecha de adquisición Coste, precio normal de compra Etiqueta RFID Total de préstamos Signatura topográfica completa Código de barras Copia número Tipo de ítem Koha Nota pública
    Clasificación Decimal Dewey     CENTRO DE INFORMACIÓN BIBLIOTECARIA CENTRO DE INFORMACIÓN BIBLIOTECARIA 26/01/2011 50.00 0000000000000000036137   333.7913 61194 1 Libros FICT. ESPOL

Copyright 2025 ESPOL. Todos los derechos reservados.